Vista normal Vista MARC

Normas Internacionales de Contabilidad (Registro nro. 4213)

Detalles MARC
000 -Cabecera (24)
Campo de control interno 03260nam a22002897a 4500
001 - Número de control
Campo de control UTEA
005 - Fecha y hora de la
Campo de control 20220303142306.0
006 - Campos de control - información adicional
Campos de control g||||gr||||||01 nz
007 - Tipo material - Descripcion fisica - info general
Tipo material ta
008 - Códigos de longitud fija (40p)
Campo de control de longitud fija 171127b pe||||| |||| 00| 0 esp d
040 ## - Origen de la Catalogacion
Centro catalogador/agencia de origen UTEA
041 ## - Código de idioma (R)
Código de lengua del texto/banda sonora o título independiente (R) Es
044 ## - COUNTRY OF PUBLISHING/PRODUCING ENTITY CODE
MARC country code PER
082 ## - Número de la Clasificación
Número de la Clasificación 657.523
Notación Interna AN553
100 ## - Autor Personal
Autor Personal Andrade Espinoza, Simón
Títulos y otros términos asociados al nombre (R) CPC.
Término indicativo de función (R) Autor
245 ## - Titulo
Titulo Normas Internacionales de Contabilidad
Mención del autor Simón Andrade Espinoza
250 ## - Mencion de edicion
Mencion de edicion 5ta edición
260 ## - Editorial
Ciudad Lima - Perú
Nombre de la Editorial Editorial y Librería Andrade
Fecha 2008
300 ## - Descripcion
Páginas 672 páginas.
Otros detalles físicos Cuadros, Figuras.
Dimensiones 14.9 x 21 cm.
505 ## - Nota de contenido formateada
Nota de contenido formateada Índice del Libro] El comité de las normas internacionales de contabilidad. -- Estados financieros. -- Presentación de los estados financieros. -- Existencias. -- Estados financieros consolidados. -- Tratamiento contable de la depreciación. -- Revelación de la información en los estados financieros. -- Tratamiento contable de los precios cambiantes. -- Estados de flujo de efectivo. -- Utilidad o pérdida neta del ejercicio, errores sustanciales y cambios en políticas contables. -- Costos de investigación y desarrollo. -- Secesos posteriores a fecha del balance general. -- Contratos de construcción. -- Impuestos a la renta. -- Presentación de activos y pasivos circulantes. -- Información por segmentos. -- Las informaciones que reflejan los efectos de los precios cambiantes. -- Inmuebles, maquinaria y equipo. -- Arrendamientos. -- Ingresos. -- Beneficios a los trabajadores. -- Tratamiento contable de subsidios gubernamentales y revaluaciones referente a la asistencia gubernamental. -- Efectos de variaciones en tipos de cambio. -- Fusión de negocios. -- Costo de financiamiento. -- Revelaciones sobre entes vinculados. -- Tratamiento contable de las inversiones. -- Tratamiento contable y presentación de la información de planes de prestación de jubilación. -- Estados financieros consolidados y tratamiento contable de las inversiones. -- Tratamiento contable y presentación de la información de planes de prestación de jubilación. -- Estados financieros consolidados y tratamiento contable de las inversiones en subsidiarias. -- Contabilización de inversiones en asociadas. -- Presentación de la información financiera en ambientes de economía hiperinflacionaria. -- Revelaciones en los estados financieros de los bancos e instituciones financieras. -- Informes financieros de participación en asociaciones en participación. -- Instrumentos financieros: revelación y presentación. -- Utilidad por acción. -- Informes financieros intermedios. -- Operaciones discontinuadas. -- Desvalorización de activos. -- Provisiones, activos y pasivos contingentes. -- Activos intangibles. -- Instrumentos financieros: reconocimiento y medición. -- Inversión inmobiliaria. -- Agricultura. -- Minería.
520 ## - Resumen
Resumen El propósito de este texto es presentar un texto revisado y actualizado de las Normas Internacionales de Contabilidad.
650 #0 - Temas - Descriptores
Temas - Descriptores PREPARACIÓN Y PRESENTACIÓN DE LOS ESTADOS FINANCIEROS
9 (RLIN) 3562
650 #0 - Temas - Descriptores
Temas - Descriptores ESTADOS FINANCIEROS
9 (RLIN) 46129
650 #0 - Temas - Descriptores
Temas - Descriptores NORMAS INTERNACIONALES DE CONTABILIDAD
9 (RLIN) 46130
653 ## - Palabras Claves
Palabras Claves CONTABILIDAD
-- NORMAS
-- INTERNACIONALES
942 ## - Datos personalizados Koha
Esquema de Clasificacion Dewey Decimal Classification
Tipo de Documento Libros
Catalogador Mag. Cecilio Flores Noa
Fecha procesamiento 2021-08-24
Existencias
Estado de retiro Estado de pérdida Fuente de Clasificacion Estado No para préstamo Escuela Profesional/ Mención de Maestría Localización permanente Ubicación/localización actual Ubicación en estantería Fecha de adquisición Fuente de adquisición Número de inventario Signatura topográfica completa Código de barras Tipo de ítem Koha
    Dewey Decimal Classification     E.P. Contabilidad Biblioteca Abancay UTEA Biblioteca Abancay UTEA Área de Ciencias Puras y Aplicada (primer piso) 05/16/2009 Compra 35120294 657.523 AN553 2008 BABA17110905 Libros